000 02681nam a2200253 a 4500
001 ASIN0226568679
005 20170105102931.0
008 140410s1993 xxu eng d
020 _a0226568679 (paperback)
_c$17.50
020 _a9780226568676 (paperback)
040 _a0
050 0 4 _aGN495.6
082 0 4 _a305.8
_bNAS 1993
100 1 _aNash, Manning.
245 1 4 _aThe cauldron of ethnicity in the modern world /
_cManning Nash.
250 _a1st ed.
260 _a[S.l.] :
_bUniversity Of Chicago Press,
_c1993.
300 _a150 p. ;
_c22 cm.
520 _aThe "melting pot" metaphor conveys an image of individuals from varied origins blending imperceptibly together. But when such ingredients as inequality, nationalism, or perceived injustice are added to the mix, the melting pot can become a seething cauldron. Manning Nash's examination of ethnicity in the postcolonial world offers insights into the ways that ethnic tensions are engendered and sustained. Ethnicity, Nash suggests, is formed by historical processes based on preexisting elements of society and culture. Notions of ethnicity have at their core the recursive metaphor of "blood, bed, and cult"—body substance, kinship, and religious belief. When individuals who perceive themselves bound by these ties are threatened in some way, ethnicity becomes a unifying call to action. Nash identifies a number of concepts—political self-rule, economic opportunity, cultural identity, religious freedom—that have been rallying cries for ethnic struggles in the twentieth century. He offers a novel analysis of the ways that ethnic groups identify themselves and maintain "boundaries," and he assesses the circumstances under which ethnicity may be relevant or nearly irrelevant to political, economic, and cultural dynamics. Nash presents three case studies that highlight the multifaceted nature of ethnicity and that each demonstrate a particular mode of comparative method. He compares a situation of conquest (Ladino and Maya in Mexico and Guatemala), a new, excolonial nation with nearly equally sized groups (Chinese and Malays in Malaysia), and a small immigrant group in a large nation (Jews in the United States), pointing out the many possible combinations of political, economic, or cultural struggles in ethnic conflicts. Even in nations where such conflict is minimal, Nash warns, ethnicity remains a reservoir of turbulence in a world where power, wealth, and dignity are unevenly and illegitimately distributed.
650 0 _aEthnicity
650 0 _aSocial change
856 4 0 _3Amazon.com
_uhttp://www.amazon.com/exec/obidos/ASIN/0226568679/chopaconline-20
942 _2ddc
_cBK
999 _c16063
_d16063